Jour de la semaine aléatoire par date (2010-2014) - Statistiques

Statistiques générales
  • Ce quiz a été pris 63 fois
  • Le résultat moyen est 10 sur 10
Statistiques - réponses
Réponse Jour Mois Année % Correct
Dimanche 4 Avril 2010
100%
Dimanche 30 Mai 2010
100%
Dimanche 13 Juin 2010
100%
Dimanche 10 Octobre 2010
100%
Dimanche 17 Octobre 2010
100%
Dimanche 31 Octobre 2010
100%
Dimanche 19 Décembre 2010
100%
Dimanche 6 Mars 2011
100%
Dimanche 1 Mai 2011
100%
Dimanche 22 Mai 2011
100%
Dimanche 14 Aout 2011
100%
Dimanche 11 Septembre 2011
100%
Dimanche 16 Octobre 2011
100%
Dimanche 20 Novembre 2011
100%
Dimanche 25 Décembre 2011
100%
Dimanche 1 Janvier 2012
100%
Dimanche 13 Mai 2012
100%
Dimanche 12 Aout 2012
100%
Dimanche 19 Aout 2012
100%
Dimanche 26 Aout 2012
100%
Dimanche 16 Septembre 2012
100%
Dimanche 7 Octobre 2012
100%
Dimanche 14 Octobre 2012
100%
Dimanche 9 Juin 2013
100%
Dimanche 22 Septembre 2013
100%
Dimanche 13 Juillet 2014
100%
Dimanche 24 Aout 2014
100%
Dimanche 14 Septembre 2014
100%
Dimanche 9 Novembre 2014
100%
Dimanche 16 Novembre 2014
100%
Dimanche 7 Décembre 2014
100%
Dimanche 14 Décembre 2014
100%
Dimanche 21 Décembre 2014
100%
Jeudi 7 Janvier 2010
100%
Jeudi 27 Mai 2010
100%
Jeudi 1 Juillet 2010
100%
Jeudi 29 Juillet 2010
100%
Jeudi 19 Aout 2010
100%
Jeudi 4 Novembre 2010
100%
Jeudi 2 Décembre 2010
100%
Jeudi 2 Juin 2011
100%
Jeudi 17 Novembre 2011
100%
Jeudi 24 Novembre 2011
100%
Jeudi 26 Janvier 2012
100%
Jeudi 17 Mai 2012
100%
Jeudi 11 Octobre 2012
100%
Jeudi 20 Décembre 2012
100%
Jeudi 16 Mai 2013
100%
Jeudi 27 Juin 2013
100%
Jeudi 31 Octobre 2013
100%
Jeudi 5 Décembre 2013
100%
Jeudi 24 Avril 2014
100%
Jeudi 12 Juin 2014
100%
Jeudi 3 Juillet 2014
100%
Jeudi 14 Aout 2014
100%
Jeudi 25 Septembre 2014
100%
Lundi 27 Septembre 2010
100%
Lundi 11 Octobre 2010
100%
Lundi 13 Décembre 2010
100%
Lundi 20 Décembre 2010
100%
Lundi 21 Février 2011
100%
Lundi 27 Juin 2011
100%
Lundi 11 Juillet 2011
100%
Lundi 29 Aout 2011
100%
Lundi 24 Octobre 2011
100%
Lundi 28 Mai 2012
100%
Lundi 8 Octobre 2012
100%
Lundi 4 Février 2013
100%
Lundi 7 Octobre 2013
100%
Lundi 28 Octobre 2013
100%
Lundi 7 Avril 2014
100%
Lundi 14 Avril 2014
100%
Lundi 26 Mai 2014
100%
Lundi 4 Aout 2014
100%
Lundi 8 Septembre 2014
100%
Lundi 29 Décembre 2014
100%
Mardi 23 Mars 2010
100%
Mardi 20 Avril 2010
100%
Mardi 27 Avril 2010
100%
Mardi 18 Mai 2010
100%
Mardi 20 Juillet 2010
100%
Mardi 3 Aout 2010
100%
Mardi 28 Septembre 2010
100%
Mardi 22 Février 2011
100%
Mardi 8 Mars 2011
100%
Mardi 10 Mai 2011
100%
Mardi 31 Mai 2011
100%
Mardi 7 Juin 2011
100%
Mardi 13 Septembre 2011
100%
Mardi 6 Décembre 2011
100%
Mardi 13 Décembre 2011
100%
Mardi 27 Décembre 2011
100%
Mardi 3 Janvier 2012
100%
Mardi 10 Janvier 2012
100%
Mardi 14 Février 2012
100%
Mardi 28 Février 2012
100%
Mardi 20 Mars 2012
100%
Mardi 10 Avril 2012
100%
Mardi 24 Avril 2012
100%
Mardi 18 Juin 2013
100%
Mardi 6 Aout 2013
100%
Mardi 13 Aout 2013
100%
Mardi 1 Octobre 2013
100%
Mardi 8 Octobre 2013
100%
Mardi 14 Janvier 2014
100%
Mardi 29 Avril 2014
100%
Mardi 3 Juin 2014
100%
Mardi 17 Juin 2014
100%
Mardi 15 Juillet 2014
100%
Mardi 12 Aout 2014
100%
Mardi 30 Septembre 2014
100%
Mercredi 21 Avril 2010
100%
Mercredi 2 Juin 2010
100%
Mercredi 16 Juin 2010
100%
Mercredi 17 Novembre 2010
100%
Mercredi 24 Novembre 2010
100%
Mercredi 2 Mars 2011
100%
Mercredi 27 Avril 2011
100%
Mercredi 11 Mai 2011
100%
Mercredi 29 Juin 2011
100%
Mercredi 10 Aout 2011
100%
Mercredi 9 Novembre 2011
100%
Mercredi 23 Novembre 2011
100%
Mercredi 20 Juin 2012
100%
Mercredi 22 Aout 2012
100%
Mercredi 29 Aout 2012
100%
Mercredi 5 Décembre 2012
100%
Mercredi 16 Janvier 2013
100%
Mercredi 17 Avril 2013
100%
Mercredi 4 Décembre 2013
100%
Mercredi 1 Janvier 2014
100%
Mercredi 26 Mars 2014
100%
Mercredi 3 Septembre 2014
100%
Samedi 2 Janvier 2010
100%
Samedi 3 Juillet 2010
100%
Samedi 28 Aout 2010
100%
Samedi 16 Octobre 2010
100%
Samedi 2 Avril 2011
100%
Samedi 30 Avril 2011
100%
Samedi 25 Juin 2011
100%
Samedi 2 Juillet 2011
100%
Samedi 29 Octobre 2011
100%
Samedi 4 Février 2012
100%
Samedi 25 Février 2012
100%
Samedi 14 Avril 2012
100%
Samedi 21 Avril 2012
100%
Samedi 28 Avril 2012
100%
Samedi 16 Juin 2012
100%
Samedi 21 Juillet 2012
100%
Samedi 31 Aout 2013
100%
Samedi 12 Octobre 2013
100%
Samedi 9 Novembre 2013
100%
Samedi 1 Mars 2014
100%
Samedi 22 Mars 2014
100%
Samedi 28 Juin 2014
100%
Samedi 18 Octobre 2014
100%
Vendredi 23 Avril 2010
100%
Vendredi 28 Mai 2010
100%
Vendredi 1 Octobre 2010
100%
Vendredi 19 Novembre 2010
100%
Vendredi 11 Mars 2011
100%
Vendredi 17 Juin 2011
100%
Vendredi 9 Septembre 2011
100%
Vendredi 14 Octobre 2011
100%
Vendredi 11 Novembre 2011
100%
Vendredi 20 Janvier 2012
100%
Vendredi 10 Février 2012
100%
Vendredi 25 Mai 2012
100%
Vendredi 1 Juin 2012
100%
Vendredi 13 Juillet 2012
100%
Vendredi 28 Septembre 2012
100%
Vendredi 5 Octobre 2012
100%
Vendredi 2 Novembre 2012
100%
Vendredi 23 Novembre 2012
100%
Vendredi 7 Décembre 2012
100%
Vendredi 25 Janvier 2013
100%
Vendredi 8 Mars 2013
100%
Vendredi 28 Juin 2013
100%
Vendredi 18 Avril 2014
100%
Vendredi 1 Aout 2014
100%
Vendredi 21 Novembre 2014
100%
Mercredi 23 Avril 2014
50%
Dimanche 3 Janvier 2010
0%
Dimanche 10 Janvier 2010
0%
Dimanche 17 Janvier 2010
0%
Dimanche 24 Janvier 2010
0%
Dimanche 31 Janvier 2010
0%
Dimanche 7 Février 2010
0%
Dimanche 14 Février 2010
0%
Dimanche 21 Février 2010
0%
Dimanche 28 Février 2010
0%
Dimanche 7 Mars 2010
0%
Dimanche 14 Mars 2010
0%
Dimanche 21 Mars 2010
0%
Dimanche 28 Mars 2010
0%
Dimanche 11 Avril 2010
0%
Dimanche 18 Avril 2010
0%
Dimanche 25 Avril 2010
0%
Dimanche 2 Mai 2010
0%
Dimanche 9 Mai 2010
0%
Dimanche 16 Mai 2010
0%
Dimanche 23 Mai 2010
0%
Dimanche 6 Juin 2010
0%
Dimanche 20 Juin 2010
0%
Dimanche 27 Juin 2010
0%
Dimanche 4 Juillet 2010
0%
Dimanche 11 Juillet 2010
0%
Dimanche 18 Juillet 2010
0%
Dimanche 25 Juillet 2010
0%
Dimanche 1 Aout 2010
0%
Dimanche 8 Aout 2010
0%
Dimanche 15 Aout 2010
0%
Dimanche 22 Aout 2010
0%
Dimanche 29 Aout 2010
0%
Dimanche 5 Septembre 2010
0%
Dimanche 12 Septembre 2010
0%
Dimanche 19 Septembre 2010
0%
Dimanche 26 Septembre 2010
0%
Dimanche 3 Octobre 2010
0%
Dimanche 24 Octobre 2010
0%
Dimanche 7 Novembre 2010
0%
Dimanche 14 Novembre 2010
0%
Dimanche 21 Novembre 2010
0%
Dimanche 28 Novembre 2010
0%
Dimanche 5 Décembre 2010
0%
Dimanche 12 Décembre 2010
0%
Dimanche 26 Décembre 2010
0%
Dimanche 2 Janvier 2011
0%
Dimanche 9 Janvier 2011
0%
Dimanche 16 Janvier 2011
0%
Dimanche 23 Janvier 2011
0%
Dimanche 30 Janvier 2011
0%
Dimanche 6 Février 2011
0%
Dimanche 13 Février 2011
0%
Dimanche 20 Février 2011
0%
Dimanche 27 Février 2011
0%
Dimanche 13 Mars 2011
0%
Dimanche 20 Mars 2011
0%
Dimanche 27 Mars 2011
0%
Dimanche 3 Avril 2011
0%
Dimanche 10 Avril 2011
0%
Dimanche 17 Avril 2011
0%
Dimanche 24 Avril 2011
0%
Dimanche 8 Mai 2011
0%
Dimanche 15 Mai 2011
0%
Dimanche 29 Mai 2011
0%
Dimanche 5 Juin 2011
0%
Dimanche 12 Juin 2011
0%
Dimanche 19 Juin 2011
0%
Dimanche 26 Juin 2011
0%
Dimanche 3 Juillet 2011
0%
Dimanche 10 Juillet 2011
0%
Dimanche 17 Juillet 2011
0%
Dimanche 24 Juillet 2011
0%
Dimanche 31 Juillet 2011
0%
Dimanche 7 Aout 2011
0%
Dimanche 21 Aout 2011
0%
Dimanche 28 Aout 2011
0%
Dimanche 4 Septembre 2011
0%
Dimanche 18 Septembre 2011
0%
Dimanche 25 Septembre 2011
0%
Dimanche 2 Octobre 2011
0%
Dimanche 9 Octobre 2011
0%
Dimanche 23 Octobre 2011
0%
Dimanche 30 Octobre 2011
0%
Dimanche 6 Novembre 2011
0%
Dimanche 13 Novembre 2011
0%
Dimanche 27 Novembre 2011
0%
Dimanche 4 Décembre 2011
0%
Dimanche 11 Décembre 2011
0%
Dimanche 18 Décembre 2011
0%
Dimanche 8 Janvier 2012
0%
Dimanche 15 Janvier 2012
0%
Dimanche 22 Janvier 2012
0%
Dimanche 29 Janvier 2012
0%
Dimanche 5 Février 2012
0%
Dimanche 12 Février 2012
0%
Dimanche 19 Février 2012
0%
Dimanche 26 Février 2012
0%
Dimanche 4 Mars 2012
0%
Dimanche 11 Mars 2012
0%
Dimanche 18 Mars 2012
0%
Dimanche 25 Mars 2012
0%
Dimanche 1 Avril 2012
0%
Dimanche 8 Avril 2012
0%
Dimanche 15 Avril 2012
0%
Dimanche 22 Avril 2012
0%
Dimanche 29 Avril 2012
0%
Dimanche 6 Mai 2012
0%
Dimanche 20 Mai 2012
0%
Dimanche 27 Mai 2012
0%
Dimanche 3 Juin 2012
0%
Dimanche 10 Juin 2012
0%
Dimanche 17 Juin 2012
0%
Dimanche 24 Juin 2012
0%
Dimanche 1 Juillet 2012
0%
Dimanche 8 Juillet 2012
0%
Dimanche 15 Juillet 2012
0%
Dimanche 22 Juillet 2012
0%
Dimanche 29 Juillet 2012
0%
Dimanche 5 Aout 2012
0%
Dimanche 2 Septembre 2012
0%
Dimanche 9 Septembre 2012
0%
Dimanche 23 Septembre 2012
0%
Dimanche 30 Septembre 2012
0%
Dimanche 21 Octobre 2012
0%
Dimanche 28 Octobre 2012
0%
Dimanche 4 Novembre 2012
0%
Dimanche 11 Novembre 2012
0%
Dimanche 18 Novembre 2012
0%
Dimanche 25 Novembre 2012
0%
Dimanche 2 Décembre 2012
0%
Dimanche 9 Décembre 2012
0%
Dimanche 16 Décembre 2012
0%
Dimanche 23 Décembre 2012
0%
Dimanche 30 Décembre 2012
0%
Dimanche 6 Janvier 2013
0%
Dimanche 13 Janvier 2013
0%
Dimanche 20 Janvier 2013
0%
Dimanche 27 Janvier 2013
0%
Dimanche 3 Février 2013
0%
Dimanche 10 Février 2013
0%
Dimanche 17 Février 2013
0%
Dimanche 24 Février 2013
0%
Dimanche 3 Mars 2013
0%
Dimanche 10 Mars 2013
0%
Dimanche 17 Mars 2013
0%
Dimanche 24 Mars 2013
0%
Dimanche 31 Mars 2013
0%
Dimanche 7 Avril 2013
0%
Dimanche 14 Avril 2013
0%
Dimanche 21 Avril 2013
0%
Dimanche 28 Avril 2013
0%
Dimanche 5 Mai 2013
0%
Dimanche 12 Mai 2013
0%
Dimanche 19 Mai 2013
0%
Dimanche 26 Mai 2013
0%
Dimanche 2 Juin 2013
0%
Dimanche 16 Juin 2013
0%
Dimanche 23 Juin 2013
0%
Dimanche 30 Juin 2013
0%
Dimanche 7 Juillet 2013
0%
Dimanche 14 Juillet 2013
0%
Dimanche 21 Juillet 2013
0%
Dimanche 28 Juillet 2013
0%
Dimanche 4 Aout 2013
0%
Dimanche 11 Aout 2013
0%
Dimanche 18 Aout 2013
0%
Dimanche 25 Aout 2013
0%
Dimanche 1 Septembre 2013
0%
Dimanche 8 Septembre 2013
0%
Dimanche 15 Septembre 2013
0%
Dimanche 29 Septembre 2013
0%
Dimanche 6 Octobre 2013
0%
Dimanche 13 Octobre 2013
0%
Dimanche 20 Octobre 2013
0%
Dimanche 27 Octobre 2013
0%
Dimanche 3 Novembre 2013
0%
Dimanche 10 Novembre 2013
0%
Dimanche 17 Novembre 2013
0%
Dimanche 24 Novembre 2013
0%
Dimanche 1 Décembre 2013
0%
Dimanche 8 Décembre 2013
0%
Dimanche 15 Décembre 2013
0%
Dimanche 22 Décembre 2013
0%
Dimanche 29 Décembre 2013
0%
Dimanche 5 Janvier 2014
0%
Dimanche 12 Janvier 2014
0%
Dimanche 19 Janvier 2014
0%
Dimanche 26 Janvier 2014
0%
Dimanche 2 Février 2014
0%
Dimanche 9 Février 2014
0%
Dimanche 16 Février 2014
0%
Dimanche 23 Février 2014
0%
Dimanche 2 Mars 2014
0%
Dimanche 9 Mars 2014
0%
Dimanche 16 Mars 2014
0%
Dimanche 23 Mars 2014
0%
Dimanche 30 Mars 2014
0%
Dimanche 6 Avril 2014
0%
Dimanche 13 Avril 2014
0%
Dimanche 20 Avril 2014
0%
Dimanche 27 Avril 2014
0%
Dimanche 4 Mai 2014
0%
Dimanche 11 Mai 2014
0%
Dimanche 18 Mai 2014
0%
Dimanche 25 Mai 2014
0%
Dimanche 1 Juin 2014
0%
Dimanche 8 Juin 2014
0%
Dimanche 15 Juin 2014
0%
Dimanche 22 Juin 2014
0%
Dimanche 29 Juin 2014
0%
Dimanche 6 Juillet 2014
0%
Dimanche 20 Juillet 2014
0%
Dimanche 27 Juillet 2014
0%
Dimanche 3 Aout 2014
0%
Dimanche 10 Aout 2014
0%
Dimanche 17 Aout 2014
0%
Dimanche 31 Aout 2014
0%
Dimanche 7 Septembre 2014
0%
Dimanche 21 Septembre 2014
0%
Dimanche 28 Septembre 2014
0%
Dimanche 5 Octobre 2014
0%
Dimanche 12 Octobre 2014
0%
Dimanche 19 Octobre 2014
0%
Dimanche 26 Octobre 2014
0%
Dimanche 2 Novembre 2014
0%
Dimanche 23 Novembre 2014
0%
Dimanche 30 Novembre 2014
0%
Dimanche 28 Décembre 2014
0%
Jeudi 14 Janvier 2010
0%
Jeudi 21 Janvier 2010
0%
Jeudi 28 Janvier 2010
0%
Jeudi 4 Février 2010
0%
Jeudi 11 Février 2010
0%
Jeudi 18 Février 2010
0%
Jeudi 25 Février 2010
0%
Jeudi 4 Mars 2010
0%
Jeudi 11 Mars 2010
0%
Jeudi 18 Mars 2010
0%
Jeudi 25 Mars 2010
0%
Jeudi 1 Avril 2010
0%
Jeudi 8 Avril 2010
0%
Jeudi 15 Avril 2010
0%
Jeudi 22 Avril 2010
0%
Jeudi 29 Avril 2010
0%
Jeudi 6 Mai 2010
0%
Jeudi 13 Mai 2010
0%
Jeudi 20 Mai 2010
0%
Jeudi 3 Juin 2010
0%
Jeudi 10 Juin 2010
0%
Jeudi 17 Juin 2010
0%
Jeudi 24 Juin 2010
0%
Jeudi 8 Juillet 2010
0%
Jeudi 15 Juillet 2010
0%
Jeudi 22 Juillet 2010
0%
Jeudi 5 Aout 2010
0%
Jeudi 12 Aout 2010
0%
Jeudi 26 Aout 2010
0%
Jeudi 2 Septembre 2010
0%
Jeudi 9 Septembre 2010
0%
Jeudi 16 Septembre 2010
0%
Jeudi 23 Septembre 2010
0%
Jeudi 30 Septembre 2010
0%
Jeudi 7 Octobre 2010
0%
Jeudi 14 Octobre 2010
0%
Jeudi 21 Octobre 2010
0%
Jeudi 28 Octobre 2010
0%
Jeudi 11 Novembre 2010
0%
Jeudi 18 Novembre 2010
0%
Jeudi 25 Novembre 2010
0%
Jeudi 9 Décembre 2010
0%
Jeudi 16 Décembre 2010
0%
Jeudi 23 Décembre 2010
0%
Jeudi 30 Décembre 2010
0%
Jeudi 6 Janvier 2011
0%
Jeudi 13 Janvier 2011
0%
Jeudi 20 Janvier 2011
0%
Jeudi 27 Janvier 2011
0%
Jeudi 3 Février 2011
0%
Jeudi 10 Février 2011
0%
Jeudi 17 Février 2011
0%
Jeudi 24 Février 2011
0%
Jeudi 3 Mars 2011
0%
Jeudi 10 Mars 2011
0%
Jeudi 17 Mars 2011
0%
Jeudi 24 Mars 2011
0%
Jeudi 31 Mars 2011
0%
Jeudi 7 Avril 2011
0%
Jeudi 14 Avril 2011
0%
Jeudi 21 Avril 2011
0%
Jeudi 28 Avril 2011
0%
Jeudi 5 Mai 2011
0%
Jeudi 12 Mai 2011
0%
Jeudi 19 Mai 2011
0%
Jeudi 26 Mai 2011
0%
Jeudi 9 Juin 2011
0%
Jeudi 16 Juin 2011
0%
Jeudi 23 Juin 2011
0%
Jeudi 30 Juin 2011
0%
Jeudi 7 Juillet 2011
0%
Jeudi 14 Juillet 2011
0%
Jeudi 21 Juillet 2011
0%
Jeudi 28 Juillet 2011
0%
Jeudi 4 Aout 2011
0%
Jeudi 11 Aout 2011
0%
Jeudi 18 Aout 2011
0%
Jeudi 25 Aout 2011
0%
Jeudi 1 Septembre 2011
0%
Jeudi 8 Septembre 2011
0%
Jeudi 15 Septembre 2011
0%
Jeudi 22 Septembre 2011
0%
Jeudi 29 Septembre 2011
0%
Jeudi 6 Octobre 2011
0%
Jeudi 13 Octobre 2011
0%
Jeudi 20 Octobre 2011
0%
Jeudi 27 Octobre 2011
0%
Jeudi 3 Novembre 2011
0%
Jeudi 10 Novembre 2011
0%
Jeudi 1 Décembre 2011
0%
Jeudi 8 Décembre 2011
0%
Jeudi 15 Décembre 2011
0%
Jeudi 22 Décembre 2011
0%
Jeudi 29 Décembre 2011
0%
Jeudi 5 Janvier 2012
0%
Jeudi 12 Janvier 2012
0%
Jeudi 19 Janvier 2012
0%
Jeudi 2 Février 2012
0%
Jeudi 9 Février 2012
0%
Jeudi 16 Février 2012
0%
Jeudi 23 Février 2012
0%
Jeudi 1 Mars 2012
0%
Jeudi 8 Mars 2012
0%
Jeudi 15 Mars 2012
0%
Jeudi 22 Mars 2012
0%
Jeudi 29 Mars 2012
0%
Jeudi 5 Avril 2012
0%
Jeudi 12 Avril 2012
0%
Jeudi 19 Avril 2012
0%
Jeudi 26 Avril 2012
0%
Jeudi 3 Mai 2012
0%
Jeudi 10 Mai 2012
0%
Jeudi 24 Mai 2012
0%
Jeudi 31 Mai 2012
0%
Jeudi 7 Juin 2012
0%
Jeudi 14 Juin 2012
0%
Jeudi 21 Juin 2012
0%
Jeudi 28 Juin 2012
0%
Jeudi 5 Juillet 2012
0%
Jeudi 12 Juillet 2012
0%
Jeudi 19 Juillet 2012
0%
Jeudi 26 Juillet 2012
0%
Jeudi 2 Aout 2012
0%
Jeudi 9 Aout 2012
0%
Jeudi 16 Aout 2012
0%
Jeudi 23 Aout 2012
0%
Jeudi 30 Aout 2012
0%
Jeudi 6 Septembre 2012
0%
Jeudi 13 Septembre 2012
0%
Jeudi 20 Septembre 2012
0%
Jeudi 27 Septembre 2012
0%
Jeudi 4 Octobre 2012
0%
Jeudi 18 Octobre 2012
0%
Jeudi 25 Octobre 2012
0%
Jeudi 1 Novembre 2012
0%
Jeudi 8 Novembre 2012
0%
Jeudi 15 Novembre 2012
0%
Jeudi 22 Novembre 2012
0%
Jeudi 29 Novembre 2012
0%
Jeudi 6 Décembre 2012
0%
Jeudi 13 Décembre 2012
0%
Jeudi 27 Décembre 2012
0%
Jeudi 3 Janvier 2013
0%
Jeudi 10 Janvier 2013
0%
Jeudi 17 Janvier 2013
0%
Jeudi 24 Janvier 2013
0%
Jeudi 31 Janvier 2013
0%
Jeudi 7 Février 2013
0%
Jeudi 14 Février 2013
0%
Jeudi 21 Février 2013
0%
Jeudi 28 Février 2013
0%
Jeudi 7 Mars 2013
0%
Jeudi 14 Mars 2013
0%
Jeudi 21 Mars 2013
0%
Jeudi 28 Mars 2013
0%
Jeudi 4 Avril 2013
0%
Jeudi 11 Avril 2013
0%
Jeudi 18 Avril 2013
0%
Jeudi 25 Avril 2013
0%
Jeudi 2 Mai 2013
0%
Jeudi 9 Mai 2013
0%
Jeudi 23 Mai 2013
0%
Jeudi 30 Mai 2013
0%
Jeudi 6 Juin 2013
0%
Jeudi 13 Juin 2013
0%
Jeudi 20 Juin 2013
0%
Jeudi 4 Juillet 2013
0%
Jeudi 11 Juillet 2013
0%
Jeudi 18 Juillet 2013
0%
Jeudi 25 Juillet 2013
0%
Jeudi 1 Aout 2013
0%
Jeudi 8 Aout 2013
0%
Jeudi 15 Aout 2013
0%
Jeudi 22 Aout 2013
0%
Jeudi 29 Aout 2013
0%
Jeudi 5 Septembre 2013
0%
Jeudi 12 Septembre 2013
0%
Jeudi 19 Septembre 2013
0%
Jeudi 26 Septembre 2013
0%
Jeudi 3 Octobre 2013
0%
Jeudi 10 Octobre 2013
0%
Jeudi 17 Octobre 2013
0%
Jeudi 24 Octobre 2013
0%
Jeudi 7 Novembre 2013
0%
Jeudi 14 Novembre 2013
0%
Jeudi 21 Novembre 2013
0%
Jeudi 28 Novembre 2013
0%
Jeudi 12 Décembre 2013
0%
Jeudi 19 Décembre 2013
0%
Jeudi 26 Décembre 2013
0%
Jeudi 2 Janvier 2014
0%
Jeudi 9 Janvier 2014
0%
Jeudi 16 Janvier 2014
0%
Jeudi 23 Janvier 2014
0%
Jeudi 30 Janvier 2014
0%
Jeudi 6 Février 2014
0%
Jeudi 13 Février 2014
0%
Jeudi 20 Février 2014
0%
Jeudi 27 Février 2014
0%
Jeudi 6 Mars 2014
0%
Jeudi 13 Mars 2014
0%
Jeudi 20 Mars 2014
0%
Jeudi 27 Mars 2014
0%
Jeudi 3 Avril 2014
0%
Jeudi 10 Avril 2014
0%
Jeudi 17 Avril 2014
0%
Jeudi 1 Mai 2014
0%
Jeudi 8 Mai 2014
0%
Jeudi 15 Mai 2014
0%
Jeudi 22 Mai 2014
0%
Jeudi 29 Mai 2014
0%
Jeudi 5 Juin 2014
0%
Jeudi 19 Juin 2014
0%
Jeudi 26 Juin 2014
0%
Jeudi 10 Juillet 2014
0%
Jeudi 17 Juillet 2014
0%
Jeudi 24 Juillet 2014
0%
Jeudi 31 Juillet 2014
0%
Jeudi 7 Aout 2014
0%
Jeudi 21 Aout 2014
0%
Jeudi 28 Aout 2014
0%
Jeudi 4 Septembre 2014
0%
Jeudi 11 Septembre 2014
0%
Jeudi 18 Septembre 2014
0%
Jeudi 2 Octobre 2014
0%
Jeudi 9 Octobre 2014
0%
Jeudi 16 Octobre 2014
0%
Jeudi 23 Octobre 2014
0%
Jeudi 30 Octobre 2014
0%
Jeudi 6 Novembre 2014
0%
Jeudi 13 Novembre 2014
0%
Jeudi 20 Novembre 2014
0%
Jeudi 27 Novembre 2014
0%
Jeudi 4 Décembre 2014
0%
Jeudi 11 Décembre 2014
0%
Jeudi 18 Décembre 2014
0%
Jeudi 25 Décembre 2014
0%
Lundi 4 Janvier 2010
0%
Lundi 11 Janvier 2010
0%
Lundi 18 Janvier 2010
0%
Lundi 25 Janvier 2010
0%
Lundi 1 Février 2010
0%
Lundi 8 Février 2010
0%
Lundi 15 Février 2010
0%
Lundi 22 Février 2010
0%
Lundi 1 Mars 2010
0%
Lundi 8 Mars 2010
0%
Lundi 15 Mars 2010
0%
Lundi 22 Mars 2010
0%
Lundi 29 Mars 2010
0%
Lundi 5 Avril 2010
0%
Lundi 12 Avril 2010
0%
Lundi 19 Avril 2010
0%
Lundi 26 Avril 2010
0%
Lundi 3 Mai 2010
0%
Lundi 10 Mai 2010
0%
Lundi 17 Mai 2010
0%
Lundi 24 Mai 2010
0%
Lundi 31 Mai 2010
0%
Lundi 7 Juin 2010
0%
Lundi 14 Juin 2010
0%
Lundi 21 Juin 2010
0%
Lundi 28 Juin 2010
0%
Lundi 5 Juillet 2010
0%
Lundi 12 Juillet 2010
0%
Lundi 19 Juillet 2010
0%
Lundi 26 Juillet 2010
0%
Lundi 2 Aout 2010
0%
Lundi 9 Aout 2010
0%
Lundi 16 Aout 2010
0%
Lundi 23 Aout 2010
0%
Lundi 30 Aout 2010
0%
Lundi 6 Septembre 2010
0%
Lundi 13 Septembre 2010
0%
Lundi 20 Septembre 2010
0%
Lundi 4 Octobre 2010
0%
Lundi 18 Octobre 2010
0%
Lundi 25 Octobre 2010
0%
Lundi 1 Novembre 2010
0%
Lundi 8 Novembre 2010
0%
Lundi 15 Novembre 2010
0%
Lundi 22 Novembre 2010
0%
Lundi 29 Novembre 2010
0%
Lundi 6 Décembre 2010
0%
Lundi 27 Décembre 2010
0%
Lundi 3 Janvier 2011
0%
Lundi 10 Janvier 2011
0%
Lundi 17 Janvier 2011
0%
Lundi 24 Janvier 2011
0%
Lundi 31 Janvier 2011
0%
Lundi 7 Février 2011
0%
Lundi 14 Février 2011
0%
Lundi 28 Février 2011
0%
Lundi 7 Mars 2011
0%
Lundi 14 Mars 2011
0%
Lundi 21 Mars 2011
0%
Lundi 28 Mars 2011
0%
Lundi 4 Avril 2011
0%
Lundi 11 Avril 2011
0%
Lundi 18 Avril 2011
0%
Lundi 25 Avril 2011
0%
Lundi 2 Mai 2011
0%
Lundi 9 Mai 2011
0%
Lundi 16 Mai 2011
0%
Lundi 23 Mai 2011
0%
Lundi 30 Mai 2011
0%
Lundi 6 Juin 2011
0%
Lundi 13 Juin 2011
0%
Lundi 20 Juin 2011
0%
Lundi 4 Juillet 2011
0%
Lundi 18 Juillet 2011
0%
Lundi 25 Juillet 2011
0%
Lundi 1 Aout 2011
0%
Lundi 8 Aout 2011
0%
Lundi 15 Aout 2011
0%
Lundi 22 Aout 2011
0%
Lundi 5 Septembre 2011
0%
Lundi 12 Septembre 2011
0%
Lundi 19 Septembre 2011
0%
Lundi 26 Septembre 2011
0%
Lundi 3 Octobre 2011
0%
Lundi 10 Octobre 2011
0%
Lundi 17 Octobre 2011
0%
Lundi 31 Octobre 2011
0%
Lundi 7 Novembre 2011
0%
Lundi 14 Novembre 2011
0%
Lundi 21 Novembre 2011
0%
Lundi 28 Novembre 2011
0%
Lundi 5 Décembre 2011
0%
Lundi 12 Décembre 2011
0%
Lundi 19 Décembre 2011
0%
Lundi 26 Décembre 2011
0%
Lundi 2 Janvier 2012
0%
Lundi 9 Janvier 2012
0%
Lundi 16 Janvier 2012
0%
Lundi 23 Janvier 2012
0%
Lundi 30 Janvier 2012
0%
Lundi 6 Février 2012
0%
Lundi 13 Février 2012
0%
Lundi 20 Février 2012
0%
Lundi 27 Février 2012
0%
Lundi 5 Mars 2012
0%
Lundi 12 Mars 2012
0%
Lundi 19 Mars 2012
0%
Lundi 26 Mars 2012
0%
Lundi 2 Avril 2012
0%
Lundi 9 Avril 2012
0%
Lundi 16 Avril 2012
0%
Lundi 23 Avril 2012
0%
Lundi 30 Avril 2012
0%
Lundi 7 Mai 2012
0%
Lundi 14 Mai 2012
0%
Lundi 21 Mai 2012
0%
Lundi 4 Juin 2012
0%
Lundi 11 Juin 2012
0%
Lundi 18 Juin 2012
0%
Lundi 25 Juin 2012
0%
Lundi 2 Juillet 2012
0%
Lundi 9 Juillet 2012
0%
Lundi 16 Juillet 2012
0%
Lundi 23 Juillet 2012
0%
Lundi 30 Juillet 2012
0%
Lundi 6 Aout 2012
0%
Lundi 13 Aout 2012
0%
Lundi 20 Aout 2012
0%
Lundi 27 Aout 2012
0%
Lundi 3 Septembre 2012
0%
Lundi 10 Septembre 2012
0%
Lundi 17 Septembre 2012
0%
Lundi 24 Septembre 2012
0%
Lundi 1 Octobre 2012
0%
Lundi 15 Octobre 2012
0%
Lundi 22 Octobre 2012
0%
Lundi 29 Octobre 2012
0%
Lundi 5 Novembre 2012
0%
Lundi 12 Novembre 2012
0%
Lundi 19 Novembre 2012
0%
Lundi 26 Novembre 2012
0%
Lundi 3 Décembre 2012
0%
Lundi 10 Décembre 2012
0%
Lundi 17 Décembre 2012
0%
Lundi 24 Décembre 2012
0%
Lundi 31 Décembre 2012
0%
Lundi 7 Janvier 2013
0%
Lundi 14 Janvier 2013
0%
Lundi 21 Janvier 2013
0%
Lundi 28 Janvier 2013
0%
Lundi 11 Février 2013
0%
Lundi 18 Février 2013
0%
Lundi 25 Février 2013
0%
Lundi 4 Mars 2013
0%
Lundi 11 Mars 2013
0%
Lundi 18 Mars 2013
0%
Lundi 25 Mars 2013
0%
Lundi 1 Avril 2013
0%
Lundi 8 Avril 2013
0%
Lundi 15 Avril 2013
0%
Lundi 22 Avril 2013
0%
Lundi 29 Avril 2013
0%
Lundi 6 Mai 2013
0%
Lundi 13 Mai 2013
0%
Lundi 20 Mai 2013
0%
Lundi 27 Mai 2013
0%
Lundi 3 Juin 2013
0%
Lundi 10 Juin 2013
0%
Lundi 17 Juin 2013
0%
Lundi 24 Juin 2013
0%
Lundi 1 Juillet 2013
0%
Lundi 8 Juillet 2013
0%
Lundi 15 Juillet 2013
0%
Lundi 22 Juillet 2013
0%
Lundi 29 Juillet 2013
0%
Lundi 5 Aout 2013
0%
Lundi 12 Aout 2013
0%
Lundi 19 Aout 2013
0%
Lundi 26 Aout 2013
0%
Lundi 2 Septembre 2013
0%
Lundi 9 Septembre 2013
0%
Lundi 16 Septembre 2013
0%
Lundi 23 Septembre 2013
0%
Lundi 30 Septembre 2013
0%
Lundi 14 Octobre 2013
0%
Lundi 21 Octobre 2013
0%
Lundi 4 Novembre 2013
0%
Lundi 11 Novembre 2013
0%
Lundi 18 Novembre 2013
0%
Lundi 25 Novembre 2013
0%
Lundi 2 Décembre 2013
0%
Lundi 9 Décembre 2013
0%
Lundi 16 Décembre 2013
0%
Lundi 23 Décembre 2013
0%
Lundi 30 Décembre 2013
0%
Lundi 6 Janvier 2014
0%
Lundi 13 Janvier 2014
0%
Lundi 20 Janvier 2014
0%
Lundi 27 Janvier 2014
0%
Lundi 3 Février 2014
0%
Lundi 10 Février 2014
0%
Lundi 17 Février 2014
0%
Lundi 24 Février 2014
0%
Lundi 3 Mars 2014
0%
Lundi 10 Mars 2014
0%
Lundi 17 Mars 2014
0%
Lundi 24 Mars 2014
0%
Lundi 31 Mars 2014
0%
Lundi 21 Avril 2014
0%
Lundi 28 Avril 2014
0%
Lundi 5 Mai 2014
0%
Lundi 12 Mai 2014
0%
Lundi 19 Mai 2014
0%
Lundi 2 Juin 2014
0%
Lundi 9 Juin 2014
0%
Lundi 16 Juin 2014
0%
Lundi 23 Juin 2014
0%
Lundi 30 Juin 2014
0%
Lundi 7 Juillet 2014
0%
Lundi 14 Juillet 2014
0%
Lundi 21 Juillet 2014
0%
Lundi 28 Juillet 2014
0%
Lundi 11 Aout 2014
0%
Lundi 18 Aout 2014
0%
Lundi 25 Aout 2014
0%
Lundi 1 Septembre 2014
0%
Lundi 15 Septembre 2014
0%
Lundi 22 Septembre 2014
0%
Lundi 29 Septembre 2014
0%
Lundi 6 Octobre 2014
0%
Lundi 13 Octobre 2014
0%
Lundi 20 Octobre 2014
0%
Lundi 27 Octobre 2014
0%
Lundi 3 Novembre 2014
0%
Lundi 10 Novembre 2014
0%
Lundi 17 Novembre 2014
0%
Lundi 24 Novembre 2014
0%
Lundi 1 Décembre 2014
0%
Lundi 8 Décembre 2014
0%
Lundi 15 Décembre 2014
0%
Lundi 22 Décembre 2014
0%
Mardi 5 Janvier 2010
0%
Mardi 12 Janvier 2010
0%
Mardi 19 Janvier 2010
0%
Mardi 26 Janvier 2010
0%
Mardi 2 Février 2010
0%
Mardi 9 Février 2010
0%
Mardi 16 Février 2010
0%
Mardi 23 Février 2010
0%
Mardi 2 Mars 2010
0%
Mardi 9 Mars 2010
0%
Mardi 16 Mars 2010
0%
Mardi 30 Mars 2010
0%
Mardi 6 Avril 2010
0%
Mardi 13 Avril 2010
0%
Mardi 4 Mai 2010
0%
Mardi 11 Mai 2010
0%
Mardi 25 Mai 2010
0%
Mardi 1 Juin 2010
0%
Mardi 8 Juin 2010
0%
Mardi 15 Juin 2010
0%
Mardi 22 Juin 2010
0%
Mardi 29 Juin 2010
0%
Mardi 6 Juillet 2010
0%
Mardi 13 Juillet 2010
0%
Mardi 27 Juillet 2010
0%
Mardi 10 Aout 2010
0%
Mardi 17 Aout 2010
0%
Mardi 24 Aout 2010
0%
Mardi 31 Aout 2010
0%
Mardi 7 Septembre 2010
0%
Mardi 14 Septembre 2010
0%
Mardi 21 Septembre 2010
0%
Mardi 5 Octobre 2010
0%
Mardi 12 Octobre 2010
0%
Mardi 19 Octobre 2010
0%
Mardi 26 Octobre 2010
0%
Mardi 2 Novembre 2010
0%
Mardi 9 Novembre 2010
0%
Mardi 16 Novembre 2010
0%
Mardi 23 Novembre 2010
0%
Mardi 30 Novembre 2010
0%
Mardi 7 Décembre 2010
0%
Mardi 14 Décembre 2010
0%
Mardi 21 Décembre 2010
0%
Mardi 28 Décembre 2010
0%
Mardi 4 Janvier 2011
0%
Mardi 11 Janvier 2011
0%
Mardi 18 Janvier 2011
0%
Mardi 25 Janvier 2011
0%
Mardi 1 Février 2011
0%
Mardi 8 Février 2011
0%
Mardi 15 Février 2011
0%
Mardi 1 Mars 2011
0%
Mardi 15 Mars 2011
0%
Mardi 22 Mars 2011
0%
Mardi 29 Mars 2011
0%
Mardi 5 Avril 2011
0%
Mardi 12 Avril 2011
0%
Mardi 19 Avril 2011
0%
Mardi 26 Avril 2011
0%
Mardi 3 Mai 2011
0%
Mardi 17 Mai 2011
0%
Mardi 24 Mai 2011
0%
Mardi 14 Juin 2011
0%
Mardi 21 Juin 2011
0%
Mardi 28 Juin 2011
0%
Mardi 5 Juillet 2011
0%
Mardi 12 Juillet 2011
0%
Mardi 19 Juillet 2011
0%
Mardi 26 Juillet 2011
0%
Mardi 2 Aout 2011
0%
Mardi 9 Aout 2011
0%
Mardi 16 Aout 2011
0%
Mardi 23 Aout 2011
0%
Mardi 30 Aout 2011
0%
Mardi 6 Septembre 2011
0%
Mardi 20 Septembre 2011
0%
Mardi 27 Septembre 2011
0%
Mardi 4 Octobre 2011
0%
Mardi 11 Octobre 2011
0%
Mardi 18 Octobre 2011
0%
Mardi 25 Octobre 2011
0%
Mardi 1 Novembre 2011
0%
Mardi 8 Novembre 2011
0%
Mardi 15 Novembre 2011
0%
Mardi 22 Novembre 2011
0%
Mardi 29 Novembre 2011
0%
Mardi 20 Décembre 2011
0%
Mardi 17 Janvier 2012
0%
Mardi 24 Janvier 2012
0%
Mardi 31 Janvier 2012
0%
Mardi 7 Février 2012
0%
Mardi 21 Février 2012
0%
Mardi 6 Mars 2012
0%
Mardi 13 Mars 2012
0%
Mardi 27 Mars 2012
0%
Mardi 3 Avril 2012
0%
Mardi 17 Avril 2012
0%
Mardi 1 Mai 2012
0%
Mardi 8 Mai 2012
0%
Mardi 15 Mai 2012
0%
Mardi 22 Mai 2012
0%
Mardi 29 Mai 2012
0%
Mardi 5 Juin 2012
0%
Mardi 12 Juin 2012
0%
Mardi 19 Juin 2012
0%
Mardi 26 Juin 2012
0%
Mardi 3 Juillet 2012
0%
Mardi 10 Juillet 2012
0%
Mardi 17 Juillet 2012
0%
Mardi 24 Juillet 2012
0%
Mardi 31 Juillet 2012
0%
Mardi 7 Aout 2012
0%
Mardi 14 Aout 2012
0%
Mardi 21 Aout 2012
0%
Mardi 28 Aout 2012
0%
Mardi 4 Septembre 2012
0%
Mardi 11 Septembre 2012
0%
Mardi 18 Septembre 2012
0%
Mardi 25 Septembre 2012
0%
Mardi 2 Octobre 2012
0%
Mardi 9 Octobre 2012
0%
Mardi 16 Octobre 2012
0%
Mardi 23 Octobre 2012
0%
Mardi 30 Octobre 2012
0%
Mardi 6 Novembre 2012
0%
Mardi 13 Novembre 2012
0%
Mardi 20 Novembre 2012
0%
Mardi 27 Novembre 2012
0%
Mardi 4 Décembre 2012
0%
Mardi 11 Décembre 2012
0%
Mardi 18 Décembre 2012
0%
Mardi 25 Décembre 2012
0%
Mardi 1 Janvier 2013
0%
Mardi 8 Janvier 2013
0%
Mardi 15 Janvier 2013
0%
Mardi 22 Janvier 2013
0%
Mardi 29 Janvier 2013
0%
Mardi 5 Février 2013
0%
Mardi 12 Février 2013
0%
Mardi 19 Février 2013
0%
Mardi 26 Février 2013
0%
Mardi 5 Mars 2013
0%
Mardi 12 Mars 2013
0%
Mardi 19 Mars 2013
0%
Mardi 26 Mars 2013
0%
Mardi 2 Avril 2013
0%
Mardi 9 Avril 2013
0%
Mardi 16 Avril 2013
0%
Mardi 23 Avril 2013
0%
Mardi 30 Avril 2013
0%
Mardi 7 Mai 2013
0%
Mardi 14 Mai 2013
0%
Mardi 21 Mai 2013
0%
Mardi 28 Mai 2013
0%
Mardi 4 Juin 2013
0%
Mardi 11 Juin 2013
0%
Mardi 25 Juin 2013
0%
Mardi 2 Juillet 2013
0%
Mardi 9 Juillet 2013
0%
Mardi 16 Juillet 2013
0%
Mardi 23 Juillet 2013
0%
Mardi 30 Juillet 2013
0%
Mardi 20 Aout 2013
0%
Mardi 27 Aout 2013
0%
Mardi 3 Septembre 2013
0%
Mardi 10 Septembre 2013
0%
Mardi 17 Septembre 2013
0%
Mardi 24 Septembre 2013
0%
Mardi 15 Octobre 2013
0%
Mardi 22 Octobre 2013
0%
Mardi 29 Octobre 2013
0%
Mardi 5 Novembre 2013
0%
Mardi 12 Novembre 2013
0%
Mardi 19 Novembre 2013
0%
Mardi 26 Novembre 2013
0%
Mardi 3 Décembre 2013
0%
Mardi 10 Décembre 2013
0%
Mardi 17 Décembre 2013
0%
Mardi 24 Décembre 2013
0%
Mardi 31 Décembre 2013
0%
Mardi 7 Janvier 2014
0%
Mardi 21 Janvier 2014
0%
Mardi 28 Janvier 2014
0%
Mardi 4 Février 2014
0%
Mardi 11 Février 2014
0%
Mardi 18 Février 2014
0%
Mardi 25 Février 2014
0%
Mardi 4 Mars 2014
0%
Mardi 11 Mars 2014
0%
Mardi 18 Mars 2014
0%
Mardi 25 Mars 2014
0%
Mardi 1 Avril 2014
0%
Mardi 8 Avril 2014
0%
Mardi 15 Avril 2014
0%
Mardi 22 Avril 2014
0%
Mardi 6 Mai 2014
0%
Mardi 13 Mai 2014
0%
Mardi 20 Mai 2014
0%
Mardi 27 Mai 2014
0%
Mardi 10 Juin 2014
0%
Mardi 24 Juin 2014
0%
Mardi 1 Juillet 2014
0%
Mardi 8 Juillet 2014
0%
Mardi 22 Juillet 2014
0%
Mardi 29 Juillet 2014
0%
Mardi 5 Aout 2014
0%
Mardi 19 Aout 2014
0%
Mardi 26 Aout 2014
0%
Mardi 2 Septembre 2014
0%
Mardi 9 Septembre 2014
0%
Mardi 16 Septembre 2014
0%
Mardi 23 Septembre 2014
0%
Mardi 7 Octobre 2014
0%
Mardi 14 Octobre 2014
0%
Mardi 21 Octobre 2014
0%
Mardi 28 Octobre 2014
0%
Mardi 4 Novembre 2014
0%
Mardi 11 Novembre 2014
0%
Mardi 18 Novembre 2014
0%
Mardi 25 Novembre 2014
0%
Mardi 2 Décembre 2014
0%
Mardi 9 Décembre 2014
0%
Mardi 16 Décembre 2014
0%
Mardi 23 Décembre 2014
0%
Mardi 30 Décembre 2014
0%
Mercredi 6 Janvier 2010
0%
Mercredi 13 Janvier 2010
0%
Mercredi 20 Janvier 2010
0%
Mercredi 27 Janvier 2010
0%
Mercredi 3 Février 2010
0%
Mercredi 10 Février 2010
0%
Mercredi 17 Février 2010
0%
Mercredi 24 Février 2010
0%
Mercredi 3 Mars 2010
0%
Mercredi 10 Mars 2010
0%
Mercredi 17 Mars 2010
0%
Mercredi 24 Mars 2010
0%
Mercredi 31 Mars 2010
0%
Mercredi 7 Avril 2010
0%
Mercredi 14 Avril 2010
0%
Mercredi 28 Avril 2010
0%
Mercredi 5 Mai 2010
0%
Mercredi 12 Mai 2010
0%
Mercredi 19 Mai 2010
0%
Mercredi 26 Mai 2010
0%
Mercredi 9 Juin 2010
0%
Mercredi 23 Juin 2010
0%
Mercredi 30 Juin 2010
0%
Mercredi 7 Juillet 2010
0%
Mercredi 14 Juillet 2010
0%
Mercredi 21 Juillet 2010
0%
Mercredi 28 Juillet 2010
0%
Mercredi 4 Aout 2010
0%
Mercredi 11 Aout 2010
0%
Mercredi 18 Aout 2010
0%
Mercredi 25 Aout 2010
0%
Mercredi 1 Septembre 2010
0%
Mercredi 8 Septembre 2010
0%
Mercredi 15 Septembre 2010
0%
Mercredi 22 Septembre 2010
0%
Mercredi 29 Septembre 2010
0%
Mercredi 6 Octobre 2010
0%
Mercredi 13 Octobre 2010
0%
Mercredi 20 Octobre 2010
0%
Mercredi 27 Octobre 2010
0%
Mercredi 3 Novembre 2010
0%
Mercredi 10 Novembre 2010
0%
Mercredi 1 Décembre 2010
0%
Mercredi 8 Décembre 2010
0%
Mercredi 15 Décembre 2010
0%
Mercredi 22 Décembre 2010
0%
Mercredi 29 Décembre 2010
0%
Mercredi 5 Janvier 2011
0%
Mercredi 12 Janvier 2011
0%
Mercredi 19 Janvier 2011
0%
Mercredi 26 Janvier 2011
0%
Mercredi 2 Février 2011
0%
Mercredi 9 Février 2011
0%
Mercredi 16 Février 2011
0%
Mercredi 23 Février 2011
0%
Mercredi 9 Mars 2011
0%
Mercredi 16 Mars 2011
0%
Mercredi 23 Mars 2011
0%
Mercredi 30 Mars 2011
0%
Mercredi 6 Avril 2011
0%
Mercredi 13 Avril 2011
0%
Mercredi 20 Avril 2011
0%
Mercredi 4 Mai 2011
0%
Mercredi 18 Mai 2011
0%
Mercredi 25 Mai 2011
0%
Mercredi 1 Juin 2011
0%
Mercredi 8 Juin 2011
0%
Mercredi 15 Juin 2011
0%
Mercredi 22 Juin 2011
0%
Mercredi 6 Juillet 2011
0%
Mercredi 13 Juillet 2011
0%
Mercredi 20 Juillet 2011
0%
Mercredi 27 Juillet 2011
0%
Mercredi 3 Aout 2011
0%
Mercredi 17 Aout 2011
0%
Mercredi 24 Aout 2011
0%
Mercredi 31 Aout 2011
0%
Mercredi 7 Septembre 2011
0%
Mercredi 14 Septembre 2011
0%
Mercredi 21 Septembre 2011
0%
Mercredi 28 Septembre 2011
0%
Mercredi 5 Octobre 2011
0%
Mercredi 12 Octobre 2011
0%
Mercredi 19 Octobre 2011
0%
Mercredi 26 Octobre 2011
0%
Mercredi 2 Novembre 2011
0%
Mercredi 16 Novembre 2011
0%
Mercredi 30 Novembre 2011
0%
Mercredi 7 Décembre 2011
0%
Mercredi 14 Décembre 2011
0%
Mercredi 21 Décembre 2011
0%
Mercredi 28 Décembre 2011
0%
Mercredi 4 Janvier 2012
0%
Mercredi 11 Janvier 2012
0%
Mercredi 18 Janvier 2012
0%
Mercredi 25 Janvier 2012
0%
Mercredi 1 Février 2012
0%
Mercredi 8 Février 2012
0%
Mercredi 15 Février 2012
0%
Mercredi 22 Février 2012
0%
Mercredi 29 Février 2012
0%
Mercredi 7 Mars 2012
0%
Mercredi 14 Mars 2012
0%
Mercredi 21 Mars 2012
0%
Mercredi 28 Mars 2012
0%
Mercredi 4 Avril 2012
0%
Mercredi 11 Avril 2012
0%
Mercredi 18 Avril 2012
0%
Mercredi 25 Avril 2012
0%
Mercredi 2 Mai 2012
0%
Mercredi 9 Mai 2012
0%
Mercredi 16 Mai 2012
0%
Mercredi 23 Mai 2012
0%
Mercredi 30 Mai 2012
0%
Mercredi 6 Juin 2012
0%
Mercredi 13 Juin 2012
0%
Mercredi 27 Juin 2012
0%
Mercredi 4 Juillet 2012
0%
Mercredi 11 Juillet 2012
0%
Mercredi 18 Juillet 2012
0%
Mercredi 25 Juillet 2012
0%
Mercredi 1 Aout 2012
0%
Mercredi 8 Aout 2012
0%
Mercredi 15 Aout 2012
0%
Mercredi 5 Septembre 2012
0%
Mercredi 12 Septembre 2012
0%
Mercredi 19 Septembre 2012
0%
Mercredi 26 Septembre 2012
0%
Mercredi 3 Octobre 2012
0%
Mercredi 10 Octobre 2012
0%
Mercredi 17 Octobre 2012
0%
Mercredi 24 Octobre 2012
0%
Mercredi 31 Octobre 2012
0%
Mercredi 7 Novembre 2012
0%
Mercredi 14 Novembre 2012
0%
Mercredi 21 Novembre 2012
0%
Mercredi 28 Novembre 2012
0%
Mercredi 12 Décembre 2012
0%
Mercredi 19 Décembre 2012
0%
Mercredi 26 Décembre 2012
0%
Mercredi 2 Janvier 2013
0%
Mercredi 9 Janvier 2013
0%
Mercredi 23 Janvier 2013
0%
Mercredi 30 Janvier 2013
0%
Mercredi 6 Février 2013
0%
Mercredi 13 Février 2013
0%
Mercredi 20 Février 2013
0%
Mercredi 27 Février 2013
0%
Mercredi 6 Mars 2013
0%
Mercredi 13 Mars 2013
0%
Mercredi 20 Mars 2013
0%
Mercredi 27 Mars 2013
0%
Mercredi 3 Avril 2013
0%
Mercredi 10 Avril 2013
0%
Mercredi 24 Avril 2013
0%
Mercredi 1 Mai 2013
0%
Mercredi 8 Mai 2013
0%
Mercredi 15 Mai 2013
0%
Mercredi 22 Mai 2013
0%
Mercredi 29 Mai 2013
0%
Mercredi 5 Juin 2013
0%
Mercredi 12 Juin 2013
0%
Mercredi 19 Juin 2013
0%
Mercredi 26 Juin 2013
0%
Mercredi 3 Juillet 2013
0%
Mercredi 10 Juillet 2013
0%
Mercredi 17 Juillet 2013
0%
Mercredi 24 Juillet 2013
0%
Mercredi 31 Juillet 2013
0%
Mercredi 7 Aout 2013
0%
Mercredi 14 Aout 2013
0%
Mercredi 21 Aout 2013
0%
Mercredi 28 Aout 2013
0%
Mercredi 4 Septembre 2013
0%
Mercredi 11 Septembre 2013
0%
Mercredi 18 Septembre 2013
0%
Mercredi 25 Septembre 2013
0%
Mercredi 2 Octobre 2013
0%
Mercredi 9 Octobre 2013
0%
Mercredi 16 Octobre 2013
0%
Mercredi 23 Octobre 2013
0%
Mercredi 30 Octobre 2013
0%
Mercredi 6 Novembre 2013
0%
Mercredi 13 Novembre 2013
0%
Mercredi 20 Novembre 2013
0%
Mercredi 27 Novembre 2013
0%
Mercredi 11 Décembre 2013
0%
Mercredi 18 Décembre 2013
0%
Mercredi 25 Décembre 2013
0%
Mercredi 8 Janvier 2014
0%
Mercredi 15 Janvier 2014
0%
Mercredi 22 Janvier 2014
0%
Mercredi 29 Janvier 2014
0%
Mercredi 5 Février 2014
0%
Mercredi 12 Février 2014
0%
Mercredi 19 Février 2014
0%
Mercredi 26 Février 2014
0%
Mercredi 5 Mars 2014
0%
Mercredi 12 Mars 2014
0%
Mercredi 19 Mars 2014
0%
Mercredi 2 Avril 2014
0%
Mercredi 9 Avril 2014
0%
Mercredi 16 Avril 2014
0%
Mercredi 30 Avril 2014
0%
Mercredi 7 Mai 2014
0%
Mercredi 14 Mai 2014
0%
Mercredi 21 Mai 2014
0%
Mercredi 28 Mai 2014
0%
Mercredi 4 Juin 2014
0%
Mercredi 11 Juin 2014
0%
Mercredi 18 Juin 2014
0%
Mercredi 25 Juin 2014
0%
Mercredi 2 Juillet 2014
0%
Mercredi 9 Juillet 2014
0%
Mercredi 16 Juillet 2014
0%
Mercredi 23 Juillet 2014
0%
Mercredi 30 Juillet 2014
0%
Mercredi 6 Aout 2014
0%
Mercredi 13 Aout 2014
0%
Mercredi 20 Aout 2014
0%
Mercredi 27 Aout 2014
0%
Mercredi 10 Septembre 2014
0%
Mercredi 17 Septembre 2014
0%
Mercredi 24 Septembre 2014
0%
Mercredi 1 Octobre 2014
0%
Mercredi 8 Octobre 2014
0%
Mercredi 15 Octobre 2014
0%
Mercredi 22 Octobre 2014
0%
Mercredi 29 Octobre 2014
0%
Mercredi 5 Novembre 2014
0%
Mercredi 12 Novembre 2014
0%
Mercredi 19 Novembre 2014
0%
Mercredi 26 Novembre 2014
0%
Mercredi 3 Décembre 2014
0%
Mercredi 10 Décembre 2014
0%
Mercredi 17 Décembre 2014
0%
Mercredi 24 Décembre 2014
0%
Mercredi 31 Décembre 2014
0%
Samedi 9 Janvier 2010
0%
Samedi 16 Janvier 2010
0%
Samedi 23 Janvier 2010
0%
Samedi 30 Janvier 2010
0%
Samedi 6 Février 2010
0%
Samedi 13 Février 2010
0%
Samedi 20 Février 2010
0%
Samedi 27 Février 2010
0%
Samedi 6 Mars 2010
0%
Samedi 13 Mars 2010
0%
Samedi 20 Mars 2010
0%
Samedi 27 Mars 2010
0%
Samedi 3 Avril 2010
0%
Samedi 10 Avril 2010
0%
Samedi 17 Avril 2010
0%
Samedi 24 Avril 2010
0%
Samedi 1 Mai 2010
0%
Samedi 8 Mai 2010
0%
Samedi 15 Mai 2010
0%
Samedi 22 Mai 2010
0%
Samedi 29 Mai 2010
0%
Samedi 5 Juin 2010
0%
Samedi 12 Juin 2010
0%
Samedi 19 Juin 2010
0%
Samedi 26 Juin 2010
0%
Samedi 10 Juillet 2010
0%
Samedi 17 Juillet 2010
0%
Samedi 24 Juillet 2010
0%
Samedi 31 Juillet 2010
0%
Samedi 7 Aout 2010
0%
Samedi 14 Aout 2010
0%
Samedi 21 Aout 2010
0%
Samedi 4 Septembre 2010
0%
Samedi 11 Septembre 2010
0%
Samedi 18 Septembre 2010
0%
Samedi 25 Septembre 2010
0%
Samedi 2 Octobre 2010
0%
Samedi 9 Octobre 2010
0%
Samedi 23 Octobre 2010
0%
Samedi 30 Octobre 2010
0%
Samedi 6 Novembre 2010
0%
Samedi 13 Novembre 2010
0%
Samedi 20 Novembre 2010
0%
Samedi 27 Novembre 2010
0%
Samedi 4 Décembre 2010
0%
Samedi 11 Décembre 2010
0%
Samedi 18 Décembre 2010
0%
Samedi 25 Décembre 2010
0%
Samedi 1 Janvier 2011
0%
Samedi 8 Janvier 2011
0%
Samedi 15 Janvier 2011
0%
Samedi 22 Janvier 2011
0%
Samedi 29 Janvier 2011
0%
Samedi 5 Février 2011
0%
Samedi 12 Février 2011
0%
Samedi 19 Février 2011
0%
Samedi 26 Février 2011
0%
Samedi 5 Mars 2011
0%
Samedi 12 Mars 2011
0%
Samedi 19 Mars 2011
0%
Samedi 26 Mars 2011
0%
Samedi 9 Avril 2011
0%
Samedi 16 Avril 2011
0%
Samedi 23 Avril 2011
0%
Samedi 7 Mai 2011
0%
Samedi 14 Mai 2011
0%
Samedi 21 Mai 2011
0%
Samedi 28 Mai 2011
0%
Samedi 4 Juin 2011
0%
Samedi 11 Juin 2011
0%
Samedi 18 Juin 2011
0%
Samedi 9 Juillet 2011
0%
Samedi 16 Juillet 2011
0%
Samedi 23 Juillet 2011
0%
Samedi 30 Juillet 2011
0%
Samedi 6 Aout 2011
0%
Samedi 13 Aout 2011
0%
Samedi 20 Aout 2011
0%
Samedi 27 Aout 2011
0%
Samedi 3 Septembre 2011
0%
Samedi 10 Septembre 2011
0%
Samedi 17 Septembre 2011
0%
Samedi 24 Septembre 2011
0%
Samedi 1 Octobre 2011
0%
Samedi 8 Octobre 2011
0%
Samedi 15 Octobre 2011
0%
Samedi 22 Octobre 2011
0%
Samedi 5 Novembre 2011
0%
Samedi 12 Novembre 2011
0%
Samedi 19 Novembre 2011
0%
Samedi 26 Novembre 2011
0%
Samedi 3 Décembre 2011
0%
Samedi 10 Décembre 2011
0%
Samedi 17 Décembre 2011
0%
Samedi 24 Décembre 2011
0%
Samedi 31 Décembre 2011
0%
Samedi 7 Janvier 2012
0%
Samedi 14 Janvier 2012
0%
Samedi 21 Janvier 2012
0%
Samedi 28 Janvier 2012
0%
Samedi 11 Février 2012
0%
Samedi 18 Février 2012
0%
Samedi 3 Mars 2012
0%
Samedi 10 Mars 2012
0%
Samedi 17 Mars 2012
0%
Samedi 24 Mars 2012
0%
Samedi 31 Mars 2012
0%
Samedi 7 Avril 2012
0%
Samedi 5 Mai 2012
0%
Samedi 12 Mai 2012
0%
Samedi 19 Mai 2012
0%
Samedi 26 Mai 2012
0%
Samedi 2 Juin 2012
0%
Samedi 9 Juin 2012
0%
Samedi 23 Juin 2012
0%
Samedi 30 Juin 2012
0%
Samedi 7 Juillet 2012
0%
Samedi 14 Juillet 2012
0%
Samedi 28 Juillet 2012
0%
Samedi 4 Aout 2012
0%
Samedi 11 Aout 2012
0%
Samedi 18 Aout 2012
0%
Samedi 25 Aout 2012
0%
Samedi 1 Septembre 2012
0%
Samedi 8 Septembre 2012
0%
Samedi 15 Septembre 2012
0%
Samedi 22 Septembre 2012
0%
Samedi 29 Septembre 2012
0%
Samedi 6 Octobre 2012
0%
Samedi 13 Octobre 2012
0%
Samedi 20 Octobre 2012
0%
Samedi 27 Octobre 2012
0%
Samedi 3 Novembre 2012
0%
Samedi 10 Novembre 2012
0%
Samedi 17 Novembre 2012
0%
Samedi 24 Novembre 2012
0%
Samedi 1 Décembre 2012
0%
Samedi 8 Décembre 2012
0%
Samedi 15 Décembre 2012
0%
Samedi 22 Décembre 2012
0%
Samedi 29 Décembre 2012
0%
Samedi 5 Janvier 2013
0%
Samedi 12 Janvier 2013
0%
Samedi 19 Janvier 2013
0%
Samedi 26 Janvier 2013
0%
Samedi 2 Février 2013
0%
Samedi 9 Février 2013
0%
Samedi 16 Février 2013
0%
Samedi 23 Février 2013
0%
Samedi 2 Mars 2013
0%
Samedi 9 Mars 2013
0%
Samedi 16 Mars 2013
0%
Samedi 23 Mars 2013
0%
Samedi 30 Mars 2013
0%
Samedi 6 Avril 2013
0%
Samedi 13 Avril 2013
0%
Samedi 20 Avril 2013
0%
Samedi 27 Avril 2013
0%
Samedi 4 Mai 2013
0%
Samedi 11 Mai 2013
0%
Samedi 18 Mai 2013
0%
Samedi 25 Mai 2013
0%
Samedi 1 Juin 2013
0%
Samedi 8 Juin 2013
0%
Samedi 15 Juin 2013
0%
Samedi 22 Juin 2013
0%
Samedi 29 Juin 2013
0%
Samedi 6 Juillet 2013
0%
Samedi 13 Juillet 2013
0%
Samedi 20 Juillet 2013
0%
Samedi 27 Juillet 2013
0%
Samedi 3 Aout 2013
0%
Samedi 10 Aout 2013
0%
Samedi 17 Aout 2013
0%
Samedi 24 Aout 2013
0%
Samedi 7 Septembre 2013
0%
Samedi 14 Septembre 2013
0%
Samedi 21 Septembre 2013
0%
Samedi 28 Septembre 2013
0%
Samedi 5 Octobre 2013
0%
Samedi 19 Octobre 2013
0%
Samedi 26 Octobre 2013
0%
Samedi 2 Novembre 2013
0%
Samedi 16 Novembre 2013
0%
Samedi 23 Novembre 2013
0%
Samedi 30 Novembre 2013
0%
Samedi 7 Décembre 2013
0%
Samedi 14 Décembre 2013
0%
Samedi 21 Décembre 2013
0%
Samedi 28 Décembre 2013
0%
Samedi 4 Janvier 2014
0%
Samedi 11 Janvier 2014
0%
Samedi 18 Janvier 2014
0%
Samedi 25 Janvier 2014
0%
Samedi 1 Février 2014
0%
Samedi 8 Février 2014
0%
Samedi 15 Février 2014
0%
Samedi 22 Février 2014
0%
Samedi 8 Mars 2014
0%
Samedi 15 Mars 2014
0%
Samedi 29 Mars 2014
0%
Samedi 5 Avril 2014
0%
Samedi 12 Avril 2014
0%
Samedi 19 Avril 2014
0%
Samedi 26 Avril 2014
0%
Samedi 3 Mai 2014
0%
Samedi 10 Mai 2014
0%
Samedi 17 Mai 2014
0%
Samedi 24 Mai 2014
0%
Samedi 31 Mai 2014
0%
Samedi 7 Juin 2014
0%
Samedi 14 Juin 2014
0%
Samedi 21 Juin 2014
0%
Samedi 5 Juillet 2014
0%
Samedi 12 Juillet 2014
0%
Samedi 19 Juillet 2014
0%
Samedi 26 Juillet 2014
0%
Samedi 2 Aout 2014
0%
Samedi 9 Aout 2014
0%
Samedi 16 Aout 2014
0%
Samedi 23 Aout 2014
0%
Samedi 30 Aout 2014
0%
Samedi 6 Septembre 2014
0%
Samedi 13 Septembre 2014
0%
Samedi 20 Septembre 2014
0%
Samedi 27 Septembre 2014
0%
Samedi 4 Octobre 2014
0%
Samedi 11 Octobre 2014
0%
Samedi 25 Octobre 2014
0%
Samedi 1 Novembre 2014
0%
Samedi 8 Novembre 2014
0%
Samedi 15 Novembre 2014
0%
Samedi 22 Novembre 2014
0%
Samedi 29 Novembre 2014
0%
Samedi 6 Décembre 2014
0%
Samedi 13 Décembre 2014
0%
Samedi 20 Décembre 2014
0%
Samedi 27 Décembre 2014
0%
Vendredi 1 Janvier 2010
0%
Vendredi 8 Janvier 2010
0%
Vendredi 15 Janvier 2010
0%
Vendredi 22 Janvier 2010
0%
Vendredi 29 Janvier 2010
0%
Vendredi 5 Février 2010
0%
Vendredi 12 Février 2010
0%
Vendredi 19 Février 2010
0%
Vendredi 26 Février 2010
0%
Vendredi 5 Mars 2010
0%
Vendredi 12 Mars 2010
0%
Vendredi 19 Mars 2010
0%
Vendredi 26 Mars 2010
0%
Vendredi 2 Avril 2010
0%
Vendredi 9 Avril 2010
0%
Vendredi 16 Avril 2010
0%
Vendredi 30 Avril 2010
0%
Vendredi 7 Mai 2010
0%
Vendredi 14 Mai 2010
0%
Vendredi 21 Mai 2010
0%
Vendredi 4 Juin 2010
0%
Vendredi 11 Juin 2010
0%
Vendredi 18 Juin 2010
0%
Vendredi 25 Juin 2010
0%
Vendredi 2 Juillet 2010
0%
Vendredi 9 Juillet 2010
0%
Vendredi 16 Juillet 2010
0%
Vendredi 23 Juillet 2010
0%
Vendredi 30 Juillet 2010
0%
Vendredi 6 Aout 2010
0%
Vendredi 13 Aout 2010
0%
Vendredi 20 Aout 2010
0%
Vendredi 27 Aout 2010
0%
Vendredi 3 Septembre 2010
0%
Vendredi 10 Septembre 2010
0%
Vendredi 17 Septembre 2010
0%
Vendredi 24 Septembre 2010
0%
Vendredi 8 Octobre 2010
0%
Vendredi 15 Octobre 2010
0%
Vendredi 22 Octobre 2010
0%
Vendredi 29 Octobre 2010
0%
Vendredi 5 Novembre 2010
0%
Vendredi 12 Novembre 2010
0%
Vendredi 26 Novembre 2010
0%
Vendredi 3 Décembre 2010
0%
Vendredi 10 Décembre 2010
0%
Vendredi 17 Décembre 2010
0%
Vendredi 24 Décembre 2010
0%
Vendredi 31 Décembre 2010
0%
Vendredi 7 Janvier 2011
0%
Vendredi 14 Janvier 2011
0%
Vendredi 21 Janvier 2011
0%
Vendredi 28 Janvier 2011
0%
Vendredi 4 Février 2011
0%
Vendredi 11 Février 2011
0%
Vendredi 18 Février 2011
0%
Vendredi 25 Février 2011
0%
Vendredi 4 Mars 2011
0%
Vendredi 18 Mars 2011
0%
Vendredi 25 Mars 2011
0%
Vendredi 1 Avril 2011
0%
Vendredi 8 Avril 2011
0%
Vendredi 15 Avril 2011
0%
Vendredi 22 Avril 2011
0%
Vendredi 29 Avril 2011
0%
Vendredi 6 Mai 2011
0%
Vendredi 13 Mai 2011
0%
Vendredi 20 Mai 2011
0%
Vendredi 27 Mai 2011
0%
Vendredi 3 Juin 2011
0%
Vendredi 10 Juin 2011
0%
Vendredi 24 Juin 2011
0%
Vendredi 1 Juillet 2011
0%
Vendredi 8 Juillet 2011
0%
Vendredi 15 Juillet 2011
0%
Vendredi 22 Juillet 2011
0%
Vendredi 29 Juillet 2011
0%
Vendredi 5 Aout 2011
0%
Vendredi 12 Aout 2011
0%
Vendredi 19 Aout 2011
0%
Vendredi 26 Aout 2011
0%
Vendredi 2 Septembre 2011
0%
Vendredi 16 Septembre 2011
0%
Vendredi 23 Septembre 2011
0%
Vendredi 30 Septembre 2011
0%
Vendredi 7 Octobre 2011
0%
Vendredi 21 Octobre 2011
0%
Vendredi 28 Octobre 2011
0%
Vendredi 4 Novembre 2011
0%
Vendredi 18 Novembre 2011
0%
Vendredi 25 Novembre 2011
0%
Vendredi 2 Décembre 2011
0%
Vendredi 9 Décembre 2011
0%
Vendredi 16 Décembre 2011
0%
Vendredi 23 Décembre 2011
0%
Vendredi 30 Décembre 2011
0%
Vendredi 6 Janvier 2012
0%
Vendredi 13 Janvier 2012
0%
Vendredi 27 Janvier 2012
0%
Vendredi 3 Février 2012
0%
Vendredi 17 Février 2012
0%
Vendredi 24 Février 2012
0%
Vendredi 2 Mars 2012
0%
Vendredi 9 Mars 2012
0%
Vendredi 16 Mars 2012
0%
Vendredi 23 Mars 2012
0%
Vendredi 30 Mars 2012
0%
Vendredi 6 Avril 2012
0%
Vendredi 13 Avril 2012
0%
Vendredi 20 Avril 2012
0%
Vendredi 27 Avril 2012
0%
Vendredi 4 Mai 2012
0%
Vendredi 11 Mai 2012
0%
Vendredi 18 Mai 2012
0%
Vendredi 8 Juin 2012
0%
Vendredi 15 Juin 2012
0%
Vendredi 22 Juin 2012
0%
Vendredi 29 Juin 2012
0%
Vendredi 6 Juillet 2012
0%
Vendredi 20 Juillet 2012
0%
Vendredi 27 Juillet 2012
0%
Vendredi 3 Aout 2012
0%
Vendredi 10 Aout 2012
0%
Vendredi 17 Aout 2012
0%
Vendredi 24 Aout 2012
0%
Vendredi 31 Aout 2012
0%
Vendredi 7 Septembre 2012
0%
Vendredi 14 Septembre 2012
0%
Vendredi 21 Septembre 2012
0%
Vendredi 12 Octobre 2012
0%
Vendredi 19 Octobre 2012
0%
Vendredi 26 Octobre 2012
0%
Vendredi 9 Novembre 2012
0%
Vendredi 16 Novembre 2012
0%
Vendredi 30 Novembre 2012
0%
Vendredi 14 Décembre 2012
0%
Vendredi 21 Décembre 2012
0%
Vendredi 28 Décembre 2012
0%
Vendredi 4 Janvier 2013
0%
Vendredi 11 Janvier 2013
0%
Vendredi 18 Janvier 2013
0%
Vendredi 1 Février 2013
0%
Vendredi 8 Février 2013
0%
Vendredi 15 Février 2013
0%
Vendredi 22 Février 2013
0%
Vendredi 1 Mars 2013
0%
Vendredi 15 Mars 2013
0%
Vendredi 22 Mars 2013
0%
Vendredi 29 Mars 2013
0%
Vendredi 5 Avril 2013
0%
Vendredi 12 Avril 2013
0%
Vendredi 19 Avril 2013
0%
Vendredi 26 Avril 2013
0%
Vendredi 3 Mai 2013
0%
Vendredi 10 Mai 2013
0%
Vendredi 17 Mai 2013
0%
Vendredi 24 Mai 2013
0%
Vendredi 31 Mai 2013
0%
Vendredi 7 Juin 2013
0%
Vendredi 14 Juin 2013
0%
Vendredi 21 Juin 2013
0%
Vendredi 5 Juillet 2013
0%
Vendredi 12 Juillet 2013
0%
Vendredi 19 Juillet 2013
0%
Vendredi 26 Juillet 2013
0%
Vendredi 2 Aout 2013
0%
Vendredi 9 Aout 2013
0%
Vendredi 16 Aout 2013
0%
Vendredi 23 Aout 2013
0%
Vendredi 30 Aout 2013
0%
Vendredi 6 Septembre 2013
0%
Vendredi 13 Septembre 2013
0%
Vendredi 20 Septembre 2013
0%
Vendredi 27 Septembre 2013
0%
Vendredi 4 Octobre 2013
0%
Vendredi 11 Octobre 2013
0%
Vendredi 18 Octobre 2013
0%
Vendredi 25 Octobre 2013
0%
Vendredi 1 Novembre 2013
0%
Vendredi 8 Novembre 2013
0%
Vendredi 15 Novembre 2013
0%
Vendredi 22 Novembre 2013
0%
Vendredi 29 Novembre 2013
0%
Vendredi 6 Décembre 2013
0%
Vendredi 13 Décembre 2013
0%
Vendredi 20 Décembre 2013
0%
Vendredi 27 Décembre 2013
0%
Vendredi 3 Janvier 2014
0%
Vendredi 10 Janvier 2014
0%
Vendredi 17 Janvier 2014
0%
Vendredi 24 Janvier 2014
0%
Vendredi 31 Janvier 2014
0%
Vendredi 7 Février 2014
0%
Vendredi 14 Février 2014
0%
Vendredi 21 Février 2014
0%
Vendredi 28 Février 2014
0%
Vendredi 7 Mars 2014
0%
Vendredi 14 Mars 2014
0%
Vendredi 21 Mars 2014
0%
Vendredi 28 Mars 2014
0%
Vendredi 4 Avril 2014
0%
Vendredi 11 Avril 2014
0%
Vendredi 25 Avril 2014
0%
Vendredi 2 Mai 2014
0%
Vendredi 9 Mai 2014
0%
Vendredi 16 Mai 2014
0%
Vendredi 23 Mai 2014
0%
Vendredi 30 Mai 2014
0%
Vendredi 6 Juin 2014
0%
Vendredi 13 Juin 2014
0%
Vendredi 20 Juin 2014
0%
Vendredi 27 Juin 2014
0%
Vendredi 4 Juillet 2014
0%
Vendredi 11 Juillet 2014
0%
Vendredi 18 Juillet 2014
0%
Vendredi 25 Juillet 2014
0%
Vendredi 8 Aout 2014
0%
Vendredi 15 Aout 2014
0%
Vendredi 22 Aout 2014
0%
Vendredi 29 Aout 2014
0%
Vendredi 5 Septembre 2014
0%
Vendredi 12 Septembre 2014
0%
Vendredi 19 Septembre 2014
0%
Vendredi 26 Septembre 2014
0%
Vendredi 3 Octobre 2014
0%
Vendredi 10 Octobre 2014
0%
Vendredi 17 Octobre 2014
0%
Vendredi 24 Octobre 2014
0%
Vendredi 31 Octobre 2014
0%
Vendredi 7 Novembre 2014
0%
Vendredi 14 Novembre 2014
0%
Vendredi 28 Novembre 2014
0%
Vendredi 5 Décembre 2014
0%
Vendredi 12 Décembre 2014
0%
Vendredi 19 Décembre 2014
0%
Vendredi 26 Décembre 2014
0%
Aucun quiz correspondant
Distribution des résultats
% des personnes avec chaque résultat
Percentile par nombre de réponses
Votre historique - résultats
Vous n’avez pas pris ce quiz